| 000 | 00745cam a2200181 4500 | ||
|---|---|---|---|
| 001 | ABS65125 | ||
| 008 | 020306n2002 000 0 eng u | ||
| 035 | _a(Sirsi) u117018 | ||
| 245 | _aRisk management | ||
| 260 | _c2002 | ||
| 490 |
_aLaw Society's Gazette _v99(06) 7 February 2002, 36(1) |
||
| 520 | _aPractical guidance given on instructing experts with a planned procedure, so that a clear set of intsructions can be given. It should identify issues to be addressed. Responsibility will often rest with the instructing solicitor, so organisation is essential. Prepared by St Paul risk management team. | ||
| 590 | _aABS | ||
| 650 | _aEXPERT WITNESSES | ||
| 650 | _aRISK MANAGEMENT | ||
| 690 |
_aDispute resolution _96236 |
||
| 942 | _n0 | ||
| 999 |
_c69708 _d69708 |
||